000 00608nam a22001937a 4500
005 20230307074538.0
008 230307b |||||||| |||| 00| 0 eng d
020 _a978-971-9617-55-6
082 _aFil. 001.4 D286 2015
100 _aDe Belen, Rustico T.
_eauthor.
245 _aResearch methods & thesis writing /
_cRustico T. De Belen.
250 _a1st ed.
260 _aQuezon City :
_bWiseman's Books Trading, Inc.,
_cc2015.
300 _avii, 369 pages :
_bill.
504 _aIncludes bibliographical references and index.
541 _e5253 c.1, 5254 c.2,
650 _aResearch
650 _aThesis
999 _c1631
_d1631